Materská škola, Púchov

Na minha lista:
Detalhes bibliográficos
Autor principal: Kudlejová, Eva (Author)
Outros Autores: Kuráň, Jozef (Thesis advisor)
Formato: Manuscrito Livro
Idioma:eslovaco
Publicado em: 2023
Assuntos:
Acesso em linha:http://is.stuba.sk/zp/portal_zp.pl?podrobnosti=156516
https://opac.crzp.sk/?fn=detailBiblioForm&sid=0A15AC6E5E2ED0F3D6DDC0342BCF
Tags: Adicionar Tag
Sem tags, seja o primeiro a adicionar uma tag!

MARC

LEADER 00000ntm a22000003a 4500
001 stuzp93734
003 SK-STU
005 20230919101542.9
007 ta
008 150427s2015----xo-----f-mn---000-0-slo-d
040 |a STU  |b slo 
041 0 |a slo 
100 1 |a Kudlejová, Eva  |u 010310  |4 aut  |U SvF Stavebná fakulta  |T SvF Katedra architektúry  |X 104352  |U V181|V310  |Y 19  |7 104352 
242 0 1 |a Kindergarten, Púchov  |y eng 
245 1 0 |a Materská škola, Púchov 
260 |c 2023 
650 4 |a materská škola  |2 slo 
650 4 |a vzdelávanie  |2 slo 
650 4 |a príroda  |2 slo 
650 4 |a kindergarten  |2 eng 
650 4 |a education  |2 eng 
650 4 |a nature  |2 eng 
700 1 |a Kuráň, Jozef  |u 010310  |k Z1  |4 ths  |U SvF Stavebná fakulta  |T SvF Katedra architektúry  |X 710  |U V181|V310  |Y 19  |7 A000000710 
856 4 |u http://is.stuba.sk/zp/portal_zp.pl?podrobnosti=156516 
856 4 |u https://opac.crzp.sk/?fn=detailBiblioForm&sid=0A15AC6E5E2ED0F3D6DDC0342BCF